000 00218nam a22001097a 4500
100 _aHyles,Claudia
245 _aAnd the answer is a pineapple
250 _a2001
260 _bswankit
300 _a124
942 _2ddc
_cBK
999 _c8969
_d8969